Statistics for Baltic Sea Islands on a Map

Click here to take the quiz!

General Stats

  • This quiz has been taken 79 times
  • The average score is 5 of 9

Answers on the Map

Answers color-coded by a green-red scale on the quiz's map according to % correct below.
Loading ...
 

Answer Stats

km2CountryIsland% Correct
2,994SwedenGotland
94%
685FinlandFasta Åland
84%
2,673EstoniaSaaremaa
78%
588DenmarkBornholm
59%
1,347SwedenÖland
57%
989EstoniaHiiumaa
51%
926GermanyRügen
43%
198EstoniaMuhu
20%
93EstoniaVormsi
20%

Score Distribution

Percentile by Number Answered

Percent of People with Each Score

Your Score History

You have not taken this quiz